000 00304nam a22001337a 4500
008 180918b xxu||||| |||| 00| 0 eng d
020 _a0721685666
041 _aeng
080 _22 ED
_a610
100 _a5
101 _aANE
245 _aClinical Anesthesia Practice
_cKirby G
942 _2udc
_cBK
999 _c47961
_d47961